000 00845nam a2200181 a 4500
001 000044552
005 20250701130548.0
008 140714s2012 dr ac 000 0 spa d
040 _aDO-SdBNP
_bspa
_cBNPHU
082 _a001.42
_bO21i
111 2 _aCongreso internacional interdisciplinario de investigación científica
_n(7mo. :
_d14-15 de jun 2012
_cSanto Domingo)
_972565
245 1 0 _aVIII congreso internacional interdisciplinario de investigación científica /
_ceditores ; Carlos Ml. Rodríguez Peña, Plácido F. Gómez Ramírez.
260 _aSanto Domingo :
_bMESCYT,
_c2012.
300 _a136 p. :
_bil., retrs. ;
_c28 cm.
700 1 2 _aRodríguez Peña, Carlos Ml.,
_eed.
_972566
700 1 2 _aGómez Ramírez, Plácido F.,
_eed.
_972567
710 1 _aRepública Dominicana.
_bMinisterio de Educación Superior, Ciencia y Tecnología
_972559
999 _c44041
_d44041